<?xml version="1.0" encoding="UTF-8"?>
<record
    xmlns:xsi="http://www.w3.org/2001/XMLSchema-instance"
    xsi:schemaLocation="http://www.loc.gov/MARC21/slim http://www.loc.gov/standards/marcxml/schema/MARC21slim.xsd"
    xmlns="http://www.loc.gov/MARC21/slim">

  <leader>01828nam a22001937a 4500</leader>
  <controlfield tag="003">IT-RoPau</controlfield>
  <controlfield tag="005">20220918175936.0</controlfield>
  <controlfield tag="008">121128b        xxu||||| |||| 00| 0 eng d</controlfield>
  <datafield tag="040" ind1=" " ind2=" ">
    <subfield code="c">IT-RoPau</subfield>
  </datafield>
  <datafield tag="100" ind1=" " ind2=" ">
    <subfield code="a">Alberione Giacomo</subfield>
    <subfield code="q">Fondatore Famiglia Paolina</subfield>
    <subfield code="9">19</subfield>
  </datafield>
  <datafield tag="245" ind1=" " ind2=" ">
    <subfield code="a">I Novissimi meditati</subfield>
    <subfield code="b">innanzi a Ges&#xF9; Eucaristico </subfield>
  </datafield>
  <datafield tag="250" ind1=" " ind2=" ">
    <subfield code="a">1</subfield>
  </datafield>
  <datafield tag="260" ind1=" " ind2=" ">
    <subfield code="a">Lido di Ostia - Roma </subfield>
    <subfield code="b">Pia SSP</subfield>
    <subfield code="c">1964</subfield>
  </datafield>
  <datafield tag="300" ind1=" " ind2=" ">
    <subfield code="a">329 p.</subfield>
    <subfield code="c">17 cm</subfield>
  </datafield>
  <datafield tag="490" ind1=" " ind2=" ">
    <subfield code="a">Edizioni paoline</subfield>
    <subfield code="v">1</subfield>
  </datafield>
  <datafield tag="500" ind1=" " ind2=" ">
    <subfield code="a">I Novissimi sono per l' uomo verit&#xE0; sempre nuove, stimoli potenti, considerazioni che santificano. </subfield>
  </datafield>
  <datafield tag="520" ind1=" " ind2=" ">
    <subfield code="a">                                          INDICE
 
Prefazione
                             
                                         LA MORTE

I - Che cosa sia la morte
II - Gesu Modello dei moribondi
III - Come prepararsi alla morte
IV -  Come usare i mezzi di comunicazione sociale
V - I distacchi che la morte apporta
VI - Mezzi per prepararsi alla morte

                       IL GIUDIZIO PARTICOLARE

VII - La presentazione dell' anima
VIII - L' esame di coscienza
IX - La sentenza dell' anima

                                  IL PURGATORIO 

X - Che cosa sia il Purgatorio
XI - Le pene del Purgatorio
XII - Doveri verso le anime del Purgatorio

                                     IL PARADISO

XIII - Che cosa sia il Paradiso
XIV - Il Paradiso &#xE8; gloria
XV - In Paradiso contempleremo Dio, sommo vero 
XVI - In Paradiso contempleremo Dio, Sommo bene
XVII - Il Paradiso &#xE8; gaudio
XVIII - La gloria dei Beati
XIX - La beata eternit&#xE0;

                                        INFERNO

XX - L' Inferno
XXI - Inferno : pena del senso
XXII - Inferno : pena del danno

                                IL GIUDIZIO UNIVERSALE

XXIII -  Il Giudizio universale
XXIV - Fini del Giudizio

Conclusione
  
                </subfield>
  </datafield>
  <datafield tag="942" ind1=" " ind2=" ">
    <subfield code="2">ddc</subfield>
    <subfield code="c">BK</subfield>
  </datafield>
  <datafield tag="999" ind1=" " ind2=" ">
    <subfield code="c">37582</subfield>
    <subfield code="d">37582</subfield>
  </datafield>
  <datafield tag="952" ind1=" " ind2=" ">
    <subfield code="0">0</subfield>
    <subfield code="1">0</subfield>
    <subfield code="2">ddc</subfield>
    <subfield code="4">0</subfield>
    <subfield code="6">PA_000000000000000_3</subfield>
    <subfield code="7">1</subfield>
    <subfield code="a">PAULUS</subfield>
    <subfield code="b">PAULUS</subfield>
    <subfield code="d">2012-11-28</subfield>
    <subfield code="l">0</subfield>
    <subfield code="o">PA3</subfield>
    <subfield code="r">2012-11-28 00:00:00</subfield>
    <subfield code="w">2012-11-28</subfield>
    <subfield code="y">BK</subfield>
  </datafield>
  <datafield tag="952" ind1=" " ind2=" ">
    <subfield code="0">0</subfield>
    <subfield code="1">0</subfield>
    <subfield code="2">ddc</subfield>
    <subfield code="4">0</subfield>
    <subfield code="6">P_A2</subfield>
    <subfield code="7">1</subfield>
    <subfield code="a">PAULUS</subfield>
    <subfield code="b">PAULUS</subfield>
    <subfield code="d">2013-10-29</subfield>
    <subfield code="l">0</subfield>
    <subfield code="o">P A2</subfield>
    <subfield code="r">2013-10-29 00:00:00</subfield>
    <subfield code="w">2013-10-29</subfield>
    <subfield code="y">BK</subfield>
  </datafield>
  <datafield tag="952" ind1=" " ind2=" ">
    <subfield code="0">0</subfield>
    <subfield code="1">0</subfield>
    <subfield code="2">ddc</subfield>
    <subfield code="4">0</subfield>
    <subfield code="6">P_A2</subfield>
    <subfield code="7">1</subfield>
    <subfield code="a">PAULUS</subfield>
    <subfield code="b">PAULUS</subfield>
    <subfield code="d">2013-10-29</subfield>
    <subfield code="l">0</subfield>
    <subfield code="o">P A2</subfield>
    <subfield code="r">2013-10-29 00:00:00</subfield>
    <subfield code="w">2013-10-29</subfield>
    <subfield code="y">BK</subfield>
  </datafield>
  <datafield tag="952" ind1=" " ind2=" ">
    <subfield code="0">0</subfield>
    <subfield code="1">0</subfield>
    <subfield code="2">ddc</subfield>
    <subfield code="4">0</subfield>
    <subfield code="6">P_A2</subfield>
    <subfield code="7">1</subfield>
    <subfield code="a">PAULUS</subfield>
    <subfield code="b">PAULUS</subfield>
    <subfield code="d">2013-10-29</subfield>
    <subfield code="l">0</subfield>
    <subfield code="o">P A2</subfield>
    <subfield code="r">2013-10-29 00:00:00</subfield>
    <subfield code="w">2013-10-29</subfield>
    <subfield code="y">BK</subfield>
  </datafield>
</record>
